Bon Jovi Charting Songs (Billboard Hot Rock) - Statistics

General Stats
  • This quiz has been taken 20 times
  • The average score is 1 of 5
Answer Stats
Album Weeks On Peak Artist(s) Song % Correct
Slippery When Wet 5 Weeks #8 Bon Jovi Livin' on a Prayer
89%
This House is Not for Sale 3 Weeks #25 Bon Jovi This House is Not for Sale
26%
What About Now 15 Weeks #16 Bon Jovi Because We Can
21%
This House is Not for Sale (Deluxe Edition) 1 Week #50 Bon Jovi Roller Coaster
5%
2020 1 Week #27 Bon Jovi Unbroken
5%
No matching quizzes found
Score Distribution
Percent of People with Each Score
Percentile by Number Answered
Your Score History
You have not taken this quiz